=LDR 00000nam 2200000 4500 =001 INLIS000000000053441 =005 20210607111219 =035 ##$$a 0010-1018000056 =245 1#$$a Booklet Perbankan Indonesia 2014 /$c Booklet Perbankan Indonesia 2014 =100 #$$a Booklet Perbankan Indonesia 2014 =250 ##$$a Ed. 1 =300 ##$$a 236 hlm. : $b Ilus ; $c 10x20 cm =260 ##$$a Jakarta :$b Otoritas Jasa Keuangan,$c 2014 =082 ##$$a 332.1 =084 ##$$a 332.1 BOO b =020 ##$$a 1858-4233 =650 #4$$a Bank, Perbankan =008 210607###########################0###### =990 ##$$a 02201808023 =990 ##$$a 02201808304